| 000 -GUIDE |
| Champ de contrôle de longueur fixe |
02497nam a22002537a 4500 |
| 003 - IDENTITÉ DU NUMÉRO DE CONTRÔLE |
| Champ de contrôle |
BI-BuBU |
| 008 - ÉLÉMENTS DE LONGUEUR FIXE - RENSEIGNEMENTS GÉNÉRAUX |
| Champ de contrôle de longueur fixe |
161117b2016 bd ||||fr|||| 00| 0 fre d |
| 037 ## - SOURCE D'ACQUISITION |
| Source d'acquisition et du numéro d'inventaire |
don de l' auteur |
| 039 ## - NIVEAU DE CONTRÔLE BIBLIOGRAPHIQUE ET HISTORIQUE D'ENCODAGE [OBSOLETE] |
| Date creation |
20161117101424.0 |
| Nom catalographe |
Marie Goretti Ndayizeye |
| 040 ## - SOURCE DU CATALOGAGE |
| Organisme qui a effectué le catalogage original |
BI-BuBU |
| Code de la langue utilisée dans le catalogage |
fre |
| Organisme qui a effectué la transcription |
BI-BuBU |
| Organisme qui a effectué la modification |
BI-BuBU |
| 041 0# - CODE DE LANGUE |
| Code de langue du texte/de la piste sonore ou du titre distinct |
fre |
| 080 ## - INDICE DE LA CLASSIFICATION DÉCIMALE UNIVERSELLE (CDU) |
| Indice de la Classification décimale universelle |
372.880.20 |
| 100 1# - VEDETTE PRINCIPALE - NOM DE PERSONNE |
| Code de relation |
aut. |
| Nom de personne |
Ndayishimiye ,Godefroid |
| 245 10 - MENTION DU TITRE |
| Titre |
Errors made by Burundian learners of english in the use of prepositions : a study carried out in first form arts of selected secondary schools in Rumonge commune |
| Mention de responsabilité, etc. |
Godefroid Ndayishimiye ; Bernadette Bizimana, directeur |
| 260 ## - PUBLICATION, DIFFUSION, ETC. (ADRESSE BIBLIOGRAPHIQUE) |
| Lieu de publication, diffusion, etc. |
Bujumbura |
| Nom de l'éditeur, diffuseur, etc. |
University of Burundi,Institute for applied Pedagogy |
| Date of publication, distribution, etc |
2016 |
| 300 ## - DESCRIPTION MATÉRIELLE |
| Collation |
VIII-84 f. |
| Dimensions |
30 cm. |
| 500 ## - NOTE GÉNÉRALE |
| Note générale |
A thesis submited in partial fulfillment of the requirements for the award of the degree " Licence en Pédagogie Appliquée, Agrégée de l' Enseignement secondaie en Anglais" |
| 520 ## - RÉSUMÉ, ETC. |
| Résumé, etc. |
Résumé,<br/><br/>This study aims at assessing errors made by Burundian learners of English in the use of propositions. Teaching and learning English prepositions is not an easy task, teachers'and students' efforts are required to reduce or avoid errors;<br/><br/>Errors made by Burundian students in the use of prepositions result from the interference of Kirundi and French language. This happens because there is no correspodence between English and Kirundi prepositions.<br/>Burundian students misuse English prepositions and the problems faced are those of wrong choice, omission and insertion. Another problem is that of students' confusion of prepositions with other sentence units.<br/><br/>The importance of this work is that it provides the relationships between prepositions and adverbs, adjectives, verbs, nouns, etc. and the uses and meanings of prepositions. This study also provides the information on Error Analysis. It is also important because through it, we suggested what teachers and learners of First Foem Arts should do in order to reduce of eradicate errors that are commonly made.<br/>It helps students of First Form Arts to prepare for State Examinations especially in the use of English prepositions. This is why to identify students' difficulties and the types, causes and sources of errors is very necessary.<br/> |
| 650 #7 - VEDETTE-MATIÈRE - NOM COMMUN |
| Source du terme |
BI-BuBU |
| Vedette de sujet ou vedette comportant un nom géographique |
Anglais (Langue) . Enseignement |
| Subdivision générale |
Grammaire |
| -- |
Préposition |
| -- |
Ecole secondaire |
| Subdivision géographique |
Rumonge ( Commune) |
| 655 #7 - TERME D'INDEXATION - GENRE OU FORME |
| Source du terme |
BI-BuBU |
| Données ou terme dominant sur le genre ou la forme |
Mémoire |
| 700 1# - VEDETTE SECONDAIRE - NOM DE PERSONNE |
| Code de relation |
dir. |
| Nom d'auteur |
Bizimana, Bernadette |
| 942 ## - ÉLÉMENTS D'ENTRÉE ADDITIONNELLE (KOHA) |
| Source de la classification ou du système de rangement |
|
| Type d item koha |
Memoire |